| 000 | 00335 a2200145 4500 | ||
|---|---|---|---|
| 001 | 195024 | ||
| 040 | _cMagnum | ||
| 100 | _aALVES, Carina | ||
| 240 | 1 | 0 |
_aIco e o mundo que queremos construir _lpor |
| 245 | 1 | 0 | _aIco e o mundo que queremos construir |
| 300 | _a20 | ||
| 362 | 0 | _a2020 | |
| 697 | _aLITERATURA INFANTIL | ||
| 942 | _cBK | ||
| 999 |
_c195024 _d195024 |
||